000 00638nam a2200253Ia 4500
003 OSt
005 20221007104758.0
006 a|||||r|||| 00| 0
007 ta
008 221006b |||||||| |||| 00| 0 eng d
024 _a16,773
037 _cTextual
040 _aLCO
_cLCO
_beng
041 _2eng
_aeng
082 _aZ2,5, L3
100 _aCracknell's
_9706352
245 0 _aLaw Students' Companion Criminal Law
250 _a2nd
260 _aLondon
_bButterworths UK
_c1973
300 _a171
650 _aCRIMINAL LAW
_9601958
942 _hZ2,5, L3
_cTEXL
999 _c1186336
_d1186336